01241nam a22003134a 4500001001200000003000800012006001900020007001500039008004100054010001700095020002600112040002100138035002000159050002400179082001600203100002500219245012000244260006800364300002600432504006400458533015200522650002700674650001400701650001600715650002400731655002900755710001700784856012600801ebr10070202CaPaEBRm u cr cn|||||||||020619s2003 enka sb 001 0 eng  z 2002073694 z0521808510 (hardback) aCaPaEBRcCaPaEBR a(OCoLC)5725424214aQH491b.M559 2003eb04a571.3/12211 aMinelli, Alessandro.14aThe development of animal formh[electronic resource] :bontogeny, morphology, and evolution /cAlessandro Minelli. aCambridge, UK ;aNew York :bCambridge University Press,c2003. axviii, 323 p. :bill. aIncludes bibliographical references (p. 255-312) and index. aElectronic reproduction.bPalo Alto, Calif. :cebrary,d2013.nAvailable via World Wide Web.nAccess may be limited to ebrary affiliated libraries. 0aDevelopmental biology. 0aOntogeny. 0aMorphology. 0aEvolution (Biology) 7aElectronic books.2local2 aebrary, Inc.40uhttp://site.ebrary.com/lib/rucke/Doc?id=10070202zAn electronic book accessible through the World Wide Web; click to view